Laddar...
Engineering mechanics
| Huvudupphovsman: | |
|---|---|
| Materialtyp: | Printed Book |
| Språk: | English |
| Publicerad: |
New Delhi
Oxford University press
2008
|
| Ämnen: |
| LEADER | 00564nam a22001697a 4500 | ||
|---|---|---|---|
| 005 | 20151217143954.0 | ||
| 008 | 100928t xxu||||| |||| 00| 0 eng d | ||
| 020 | |a 13:9780195696554 | ||
| 080 | |a 621.01 |b BHA | ||
| 100 | |a Bhattacharyya, Basudev |9 8813 | ||
| 245 | |a Engineering mechanics | ||
| 260 | |a New Delhi |b Oxford University press |c 2008 | ||
| 300 | |a xvi,832p. | ||
| 653 | |a Engineering mechanics | ||
| 942 | |c BK |6 _ | ||
| 999 | |c 144355 |d 144355 | ||
| 952 | |0 0 |1 0 |2 ddc |4 0 |6 62101_BHA |7 0 |9 184088 |a DST |b DST |d 2010-09-28 |l 1 |o 621.01 BHA |p DST08653 |r 2015-11-20 |s 2015-11-20 |w 2013-06-19 |y BK | ||